Представление документа в формате RUSMARC

ПолеНазваниеЗначение
  Тип записи a
  Библиографический уровень a
001 Контрольный номер RU/CBS_Ul/BASE/451735881
005 Дата корректировки 20250124011038.4
100 Данные общей обработки __
a Данные общей обработки 20140425d2014 ||| 0rusy0179 ca
101 Язык документа 0_
a Язык текста rus
102 Страна публикации __
a Страна публикации RU
105 Кодированные данные (монография) __
a Кодированные данные (монография) y###||||000|y
200 Заглавие и сведения об ответственности 1_
a Заглавие Полтора года под палящим солнцем
b Общее обозначение материала Текст
e Сведения, относящиеся к заглавию [рассказ ульяновца Виктора Служивого о войне между Египтом и Израилем в 1967-1970 годах, в которой наш земляк принимал участие]
f Первые сведения об ответственности И. Антонова
300 Общие примечания __
a Общие примечания Ограничения по возрасту 16+
461 Уровень набора _0
1 2000
a Народная газета
463 Уровень физической единицы _0
1 001RU/CBS_Ul/BASE/451732967
1 2000
a №15
v С. 12
1 210
d 2014
610 Ключевые слова 0_
a Ключевые слова война между Египтом и Израилем
686 Индексы других классификаций __
a Классификационный индекс 63.3(5)
2 Код системы ББК
700 Автор _1
a Фамилия Антонова
b Имя (инициалы) И.
801 Источник записи _0
a Страна RU
b Организация МБУК ЦБС г. Ульяновска
c Дата составления 20140425
g Правила каталогизации RCR
801 Источник записи _1
a Страна RU
b Организация МБУК ЦБС г. Ульяновска
c Дата составления 20140425
g Правила каталогизации RCR
901 Тип документа __
t Тип документа f
w Контрольный № источника RU/CBS_Ul/BASE/451732967
910 Корректоры записи __
a Корректор записи admin2
938 Служебная информация __
a Имя БД kraeved